| 000 | 00846nam a22002417a 4500 | ||
|---|---|---|---|
| 008 | 150330b xxu||||| |||| 00| 0 eng d | ||
| 020 | _a9780071790390 | ||
| 041 | 0 | _aeng | |
| 080 | _a004 MCC | ||
| 100 | _aMcCarthy, N. K. | ||
| 245 | 1 | 4 |
_aThe computer incident response planning handbook _cN.K. McCarthy ; contributors, Matthew Todd, Jeff Klaben ; technical editor, Suzanne Widup. |
| 250 | _aExecutable plans for protecting information at risk | ||
| 260 |
_aNew York : _bMcGraw-Hill, _c2012. |
||
| 300 |
_a209 f.: _bme il.; _c23 cm. |
||
| 505 | _aIndex: f.201-209 | ||
| 650 | 0 | _aRrjetat Kompjuterike | |
| 650 | 0 | _aKompjuterët | |
| 650 | 0 | _aSigurimi | |
| 700 | 1 | _aTodd, Matthew. | |
| 700 | 1 | _aKlaben, Jeff. | |
| 700 | 1 | _aWidup, Suzanne. | |
| 942 |
_2udc _cBK |
||
| 999 |
_c599 _d599 |
||